O caso estranho da "Victory Dock" (Record no. 45807)

MARC details
000 -Etiqueta do registo
Valores 00651cam a2200217 4500
100 ## - Dados gerais de processamento
Dados gerais 19990108d1945 m y0pory50030103ba
101 1# - Língua de publicação
Língua por
102 ## - País de publicação
País PT
200 1# - Titulo e menção de responsabilidade
Título próprio O caso estranho da "Victory Dock"
Primeira menção de responsabilidade William Forster
Outras menções de responsabilidade versão livre de Rui Santos
210 #9 - Publicação
Local de publicação Lisboa
Nome do editor Romano Torres,
Data de publicação 1945
215 ## - Descrição física 
Paginação / Volumes 185, [7] p.
Dimensões 20 cm
225 2# - Colecção 
Título próprio da colecção Grandes mistérios, grandes aventuras
Indicação de volume 12
304 ## - Nota relativa ao título
Texto de nota Tít. orig.: John Salter murder's
317 ## - Nota de proveniência
Texto da nota Arquivo da Editora Romano Torres
675 ## - CDU
Notação 821.111-31
700 #1 - Autor principal
Apelido Forster,
Nome William
702 #1 - Autor secundário
ID Autoridade 2
Apelido Santos,
Nome Rui,
Datas fl. 1933
Função 010
801 #0 - Fonte de origem
País PT
Agência BN
Regras de catalogação RPC
990 ## - Elementos KOHA
Tipo de documento Livro
Holdings
Aquisição Empréstimo Código de barras Cota Permissão de empréstimo Tipo de documento
Biblioteca Municipal de Redondo Biblioteca Municipal de Redondo 057040 821.111(73)-3 FOR   Livro

Powered by Koha